[Event "POL-ch sf"]
[Site "Poraj "]
[Date "1997.??.??"]
[Round "8"]
[White "Dobrowolski, Piotr"]
[Black "Jakubiec, Artur"]
[Result "1/2-1/2"]
[WhiteElo "2390"]
[BlackElo "2455"]

1.e4 c5 2.Nf3 d6 3.d4 cxd4 4.Nxd4 Nf6 5.Nc3 a6 6.Be3 e5 7.Nb3 Be7 8.f3 Be6
9.Qd2 O-O 10.O-O-O a5 11.a4 Na6 12.g4 Nb4 13.g5 Nh5 14.Kb1 Rc8 15.Rg1 Nf4
16.Bxf4 exf4 17.Nd4 Rc5 18.h4 Qb6 19.Nxe6 fxe6 20.Bh3 Re5 21.Rge1 Na6 22.Nb5 Nc5
23.Qd4 Nxa4 24.Qxb6 Nxb6 25.Nxd6 Rd8 26.Nxb7 Rb8 27.Nd6 Rd8 28.Nb7 Rb8 29.Nd6 Rd8
30.Nb7  1/2-1/2

[Event "SVK-ch"]
[Site "Presov"]
[Date "1997.??.??"]
[Round "2"]
[White "Cvicela, Anton"]
[Black "Solodovnichenko, Yuri"]
[Result "0-1"]
[WhiteElo "2100"]
[BlackElo "2350"]

1.e4 c5 2.Nf3 d6 3.d4 cxd4 4.Nxd4 Nf6 5.Nc3 a6 6.Be3 e6 7.Qd2 b5 8.f3 Bb7
9.g4 h6 10.h4 Nbd7 11.O-O-O b4 12.Nce2 d5 13.Bh3 dxe4 14.g5 hxg5 15.hxg5 exf3
16.Ng3 Ne4 17.Nxe4 Bxe4 18.Nxe6 fxe6 19.Bxe6 Nc5 20.Rxh8 Qxd2+ 21.Bxd2 Nxe6
22.Re1 Bd5 23.Bxb4 Kd7 24.Bxf8 Rxf8 25.Rxf8 Nxf8 26.Kd2 Ne6 27.Re5 Kd6 28.Rf5 Nd4
29.Rf8 Ke7 30.Rf4 Ne6 31.Rf5 g6 32.Rxd5 f2 33.Ke2 Nf4+ 34.Kxf2 Nxd5 35.a3 Nf4
36.Kf3 Ne6 37.Kg4 Kd6  0-1

[Event "CRO-Cup"]
[Site "Pula"]
[Date "1997.??.??"]
[Round "?"]
[White "Jusic, Zdenko"]
[Black "Orak, Ljubomir"]
[Result "1-0"]
[WhiteElo "2365"]
[BlackElo "2355"]

1.e4 c5 2.Nf3 d6 3.d4 cxd4 4.Nxd4 Nf6 5.Nc3 a6 6.Be3 e6 7.Qd2 Be7 8.f3 b5
9.O-O-O Nfd7 10.g4 Bb7 11.g5 Nc5 12.h4 b4 13.Nce2 Nbd7 14.Kb1 Qb6 15.h5 O-O-O
16.c3 Ne5 17.Ng3 bxc3 18.Qxc3 Kb8 19.Nb3 f6 20.Bh3 Qc7 21.h6 gxh6 22.gxf6 Bxf6
23.Nh5 Nxf3 24.Nxf6 Nxe4 25.Ba7+  1-0

[Event "CRO-Cup"]
[Site "Pula"]
[Date "1997.??.??"]
[Round "?"]
[White "Horvath, Tamas"]
[Black "Vitic, Ivan"]
[Result "1-0"]
[WhiteElo "2395"]
[BlackElo "2305"]

1.e4 c5 2.Nf3 d6 3.d4 cxd4 4.Nxd4 Nf6 5.Nc3 a6 6.Be3 Ng4 7.Bg5 h6 8.Bc1 Nc6
9.Be2 Nxd4 10.Qxd4 e5 11.Qa4+ Bd7 12.Qb3 b5 13.Bxg4 Bxg4 14.Nd5 Bd7 15.O-O Be7
16.Qg3 g5 17.Be3 Rb8 18.Rfd1 Rg8 19.f4 f6 20.fxe5 dxe5 21.Rd2 Rb7 22.Rad1 Rg7
23.Qf2 Rf7 24.Bb6 Qb8 25.Kh1 Bd8 26.Bc5 Bg4 27.Re1 Rbd7 28.h3 Be6 29.Red1 h5
30.Qe3 Qb7 31.b3 Rg7 32.c4 Kf7 33.Rf1 Kg6 34.Rdf2 Rgf7 35.Ba3 bxc4 36.bxc4 Qc6
37.h4 Bxd5 38.cxd5 Qb6 39.Qf3 Qc7 40.Bb2 gxh4 41.Qf5+ Kg7 42.Qxh5 Qc4 43.Qg4+ Kh8
44.Bxe5 h3 45.gxh3 Rg7 46.Qh5+ Kg8 47.Qe8+ Kh7 48.Rf4 Qxf1+ 49.Rxf1 fxe5
50.Rf5  1-0

[Event "CRO-Cup"]
[Site "Pula"]
[Date "1997.??.??"]
[Round "?"]
[White "Markotic, Branimir"]
[Black "Koznjak, Miroslav"]
[Result "1/2-1/2"]
[WhiteElo "2225"]
[BlackElo "2250"]

1.e4 c5 2.Nf3 d6 3.d4 cxd4 4.Nxd4 Nf6 5.Nc3 a6 6.Be3 Ng4 7.Bg5 h6 8.Bh4 g5
9.Bg3 Bg7 10.Qd2 Nc6 11.Nxc6 bxc6 12.Bc4 Qa5 13.Bb3 h5 14.h4 gxh4 15.Rxh4 Be6
16.Na4 Qb5 17.Qe2 Rb8 18.f3 Ne5 19.Qxb5 axb5 20.Nc3 c5 21.Bxe6 fxe6 22.Bxe5 Bxe5
23.O-O-O Rg8 24.Rd2 Bg3 25.Rxh5 Bf4 26.Ne2 Bxd2+ 27.Kxd2 Kf7 28.g4 b4 29.c3 Ra8
30.cxb4 Rxa2 31.bxc5 Rxb2+ 32.Kd3 dxc5 33.Rxc5 Rd8+ 34.Ke3 Rd1 35.Nc1 Rb1
36.Ne2 Rb2 37.Nd4 Rbd2 38.Nc6 Rd3+ 39.Kf4 Ra3 40.Ne5+ Kf8 41.Rc8+ Kg7 42.Rc7 Kf8
43.Ng6+ Kg7 44.Nxe7 e5+ 45.Kxe5 Rxf3 46.Nf5+ Kg8 47.g5 Rd8 48.g6 Re8+ 49.Kf6 Rf1
50.Rg7+ Kh8 51.Rf7 Kg8 52.Rg7+  1/2-1/2

[Event "EU-chT (Men)"]
[Site "Pula"]
[Date "1997.??.??"]
[Round "7"]
[White "Sax, Gyula"]
[Black "Sadler, Matthew"]
[Result "1/2-1/2"]
[WhiteElo "2545"]
[BlackElo "2645"]

1.e4 c5 2.Nf3 d6 3.d4 cxd4 4.Nxd4 Nf6 5.Nc3 a6 6.Be3 e5 7.Nb3 Be6 8.f4 exf4
9.Bxf4 Nc6 10.Qd2 d5 11.O-O-O Nxe4 12.Nxe4 dxe4 13.Qe3 Qf6 14.Qxe4 Be7 15.Bd3 Bd5
16.Qxd5 Qxf4+ 17.Kb1  1/2-1/2

[Event "EU-chT (Men)"]
[Site "Pula"]
[Date "1997.??.??"]
[Round "9"]
[White "Lanka, Zigurds"]
[Black "Ftacnik, Lubomir"]
[Result "0-1"]
[WhiteElo "2575"]
[BlackElo "2595"]

1.e4 c5 2.Nf3 d6 3.d4 cxd4 4.Nxd4 Nf6 5.Nc3 a6 6.Be3 Ng4 7.Bg5 h6 8.Bh4 g5
9.Be2 Bg7 10.Bg3 h5 11.Bxg4 Bxg4 12.f3 Bd7 13.Bf2 Nc6 14.O-O Ne5 15.Nde2 Rc8
16.Nd5 Be6 17.Bd4 Bxd5 18.exd5 Qa5 19.f4 gxf4 20.Nxf4 Qa4 21.c3 Qxd1 22.Raxd1 Rh7
23.Bxe5 Bxe5 24.Nd3 Bh8 25.Rf4 Kd7 26.Rdf1 Bf6 27.Rb4 Kc7 28.Rc4+ Kb8 29.Rxc8+ Kxc8
30.Rf5 Kd7 31.Kf2 h4 32.Kf3 b5 33.a3 a5 34.Nf2 Be5 35.Ng4 Bh8 36.h3 b4 37.axb4 axb4
38.cxb4 Bxb2 39.Rf4 Rh5 40.Ke4 f6 41.Rf5 Rh8 42.Rf2 Bc3 43.Rc2 Bxb4 44.Rb2 Rh5
45.Rf2 Bc3 46.Rf5 Rh8 47.Rf3 Bd2 48.Rd3 Bg5 49.Kf5 Ra8 50.Nf2 Ra4 51.Ne4 Bc1
52.Rc3 Bh6 53.Rb3 Rd4 54.Rb5 Ke8 55.g4 hxg3 56.Nxg3 Kf7 57.Ne4 Rd3 58.Nxd6+ exd6
59.Rb7+ Kg8 60.Kg6 Bf8 61.Rb5 Rxh3 62.Kxf6 Rh6+ 63.Kg5 Rh7 64.Kf6 Re7 65.Ra5 Rf7+
66.Kg6 Be7 67.Ra7 Rf6+ 68.Kg5 Kf7 69.Ra5 Rf1+  0-1

[Event "WchT U26"]
[Site "Roque Saenz Pena"]
[Date "1997.??.??"]
[Round "1"]
[White "Spangenberg, Hugo"]
[Black "Capucci, Marcos"]
[Result "1/2-1/2"]
[WhiteElo "2565"]
[BlackElo "2110"]

1.e4 c5 2.Nf3 d6 3.d4 cxd4 4.Nxd4 Nf6 5.Nc3 a6 6.Be3 Ng4 7.Bg5 h6 8.Bh4 g5
9.Bg3 Bg7 10.Qd2 Nc6 11.Nb3 Be6 12.O-O-O Rc8 13.Nd5 Nge5 14.f3 b5 15.Bf2 Nc4
16.Bxc4 bxc4 17.Nd4 Bxd5 18.exd5 c3 19.bxc3 Qa5 20.Kb1 Qa3 21.Ka1 Na5 22.Rb1 O-O
23.h4  1/2-1/2

[Event "Singapore Double Round"]
[Site "Singapore"]
[Date "1997.??.??"]
[Round "1"]
[White "Ubayana, Harry"]
[Black "Mas, Hafizulhelmi"]
[Result "1-0"]
[WhiteElo "2200"]
[BlackElo "2315"]

1.e4 c5 2.Nf3 d6 3.d4 cxd4 4.Nxd4 Nf6 5.Nc3 a6 6.Be3 Ng4 7.Bg5 h6 8.Bh4 g5
9.Bg3 Bg7 10.Be2 h5 11.h4 Nc6 12.Nxc6 bxc6 13.hxg5 Rb8 14.Qc1 Qa5 15.O-O Be6
16.Rb1 Qc5 17.Bf4 Bd4 18.Bxg4 hxg4 19.Qd2 Bc4 20.b4 Qa7 21.Ne2 Bxe2 22.Qxe2 e5
23.c3 Bb6 24.Be3 Bxe3 25.fxe3 Rg8 26.Rf5 Ke7 27.Rbf1 Rbf8 28.c4 c5 29.Qf2 Rg7
30.Rxe5+ dxe5 31.Qf6+ Ke8 32.Rd1 Qc7 33.Qxg7  1-0

[Event "RUS-Cup8"]
[Site "Smolensk"]
[Date "1997.??.??"]
[Round "3"]
[White "Zagrebelny, Sergey"]
[Black "Isupov, Vladimir"]
[Result "1-0"]
[WhiteElo "2480"]
[BlackElo "2375"]

1.e4 c5 2.Nf3 d6 3.d4 cxd4 4.Nxd4 Nf6 5.Nc3 a6 6.Be3 e5 7.Nf3 h6 8.a4 Be6
9.Be2 Nc6 10.O-O Rc8 11.Nd2 Na5 12.Bf3 Nc4 13.Nxc4 Bxc4 14.Re1 Be7 15.a5 O-O
16.Na4 Rc6 17.Nb6 Be6 18.Qd3 Nd7 19.Nd5 Bg5 20.Red1 Bxd5 21.exd5 Nc5 22.Qe2 Rc7
23.b4 Bxe3 24.fxe3 e4 25.Bg4 Nd7 26.Bxd7 Qxd7 27.c4 Rb8 28.Rd4 b6 29.Rxe4 bxa5
30.bxa5 Rb4 31.Qf1 Qc8 32.Qf4 Rcxc4 33.Rxc4 Rxc4 34.Qxd6 Rc1+ 35.Rxc1 Qxc1+
36.Kf2  1-0

[Event "RUS-Cup8"]
[Site "Smolensk"]
[Date "1997.??.??"]
[Round "5"]
[White "Korneev, Oleg"]
[Black "Vaulin, Alexander"]
[Result "1/2-1/2"]
[WhiteElo "2590"]
[BlackElo "2490"]

1.e4 c5 2.Nf3 d6 3.d4 cxd4 4.Nxd4 Nf6 5.Nc3 a6 6.Be3 e5 7.Nb3 Be6 8.Qd2 Nbd7
9.f3 b5 10.a4 b4 11.Nd5 Bxd5 12.exd5 Nb6 13.Bxb6 Qxb6 14.a5 Qb7 15.Bc4 Be7
16.Ra4 Rb8 17.Nc1 Bd8 18.b3 O-O 19.O-O Bxa5 20.Kh1 Bc7 21.Ne2 g6 22.Rfa1 Bb6
23.Rxa6 Bc5 24.Rc6 Qe7 25.Ng3 e4 26.Qg5 exf3 27.gxf3 Rfe8 28.Rf1 Nh5 29.Ne4 Qxg5
30.Nxg5 Nf6 31.Rc7 Rf8 32.Re1 Rbe8 33.Rxe8 Rxe8 34.Kg2 Re1 35.h4 Rc1 36.Nxf7 Rxc2+
37.Kh3 Bg1 38.Nh6+ Kh8 39.Nf7+ Kg8 40.Nh6+  1/2-1/2

[Event "Sochi"]
[Site "Sochi"]
[Date "1997.??.??"]
[Round "?"]
[White "Kalugin, Sergei"]
[Black "Savon, Vladimir A"]
[Result "1/2-1/2"]
[WhiteElo "2255"]
[BlackElo "2445"]

1.e4 c5 2.Nf3 d6 3.d4 cxd4 4.Nxd4 Nf6 5.Nc3 a6 6.Be3 Nbd7 7.g4 d5 8.g5 Nxe4
9.Nxe4 dxe4 10.Bg2 Qa5+ 11.c3 Qc7 12.Bxe4 g6 13.h4 Nc5 14.Bg2 Bg7 15.h5 Bd7
16.hxg6 hxg6 17.Rxh8+ Bxh8 18.b4 Ne6 19.Rc1 Nxd4 20.cxd4 Qb6 21.Rc4 Rc8 22.Qc1 Kd8
23.Rxc8+ Bxc8 24.Qc5 Qd6 25.a3 Be6 26.Qc3 Qc7 27.Kd2 b6 28.Qxc7+ Kxc7 29.Kc3 Bf5
30.Bf4+ Kc8 31.Be5 f6 32.gxf6 Bxf6 33.Bc6 Bh4 34.Bg3 Bxg3 35.fxg3 Kc7 36.Bd5 Kd6
37.Bb7 a5 38.Kc4 axb4 39.axb4 Bh3 40.Be4 Bf1+ 41.Kc3 g5 42.Kd2 Bh3 43.Ke2  1/2-1/2

[Event "Split"]
[Site "Split"]
[Date "1997.??.??"]
[Round "?"]
[White "Bozanic, Ivica"]
[Black "Bistric, Faruk"]
[Result "0-1"]
[WhiteElo "2305"]
[BlackElo "2425"]

1.e4 c5 2.Nf3 d6 3.d4 cxd4 4.Nxd4 Nf6 5.Nc3 a6 6.Be3 Ng4 7.Bg5 h6 8.Bh4 g5
9.Bg3 Bg7 10.Qd2 Nc6 11.Nb3 Be6 12.f3 Nf6 13.O-O-O Rc8 14.Kb1 Nd7 15.Nd5 Nb6
16.h4 Na4 17.c3 Bxd5 18.exd5 Na5 19.hxg5 Qb6 20.gxh6 Nxb3 21.Qc2 Rxh6 22.Rxh6 Nxc3+
23.bxc3 Nd2+ 24.Kc1 Nxf1 25.Rxf1 Bxh6+ 26.Kd1 Qa5 27.Be1 Qxd5+ 28.Ke2 Qc4+
29.Kf2 Be3+  0-1

[Event "Stockholm"]
[Site "Stockholm"]
[Date "1997.??.??"]
[Round "10"]
[White "Wallace, John Paul"]
[Black "Olafsson, Helgi"]
[Result "1-0"]
[WhiteElo "2350"]
[BlackElo "2505"]

1.e4 c5 2.Nf3 d6 3.d4 cxd4 4.Nxd4 Nf6 5.Nc3 a6 6.Be3 e6 7.Qd2 b5 8.f3 Nbd7
9.g4 h6 10.O-O-O b4 11.Nce2 d5 12.exd5 Nxd5 13.Nf4 N7f6 14.Bc4 Bb7 15.Rhe1 Qd7
16.h4 O-O-O 17.g5 hxg5 18.hxg5 e5 19.gxf6 exf4 20.Bxf4 gxf6 21.Kb1 Rh5 22.Bg3 Bd6
23.Bxd6 Qxd6 24.Bd3 Qb6 25.Ka1 Re5 26.Be4 a5 27.Nf5 Kb8 28.c4 bxc3 29.bxc3 Rc8
30.Rb1 Qc5 31.Rxb7+ Kxb7 32.c4 Rxf5 33.Bxf5 Nb6 34.Bxc8+ Kxc8 35.Qf4 Qb4
36.Rc1 Nd7 37.Qd4 Qa3 38.Rd1 Qe7 39.Qxd7+ Qxd7 40.Rxd7 Kxd7 41.Kb2 Kd6 42.Kc3 Ke5
43.a4 f5 44.Kd3 f4 45.Kc3 Ke6 46.Kd4 Kd6 47.c5+ Kc7 48.Kd5 Kd7 49.c6+ Kc8
50.Kc5 Kb8 51.Kb6  1-0

[Event "SVK-chT1W 9798"]
[Site "SVK"]
[Date "1997.??.??"]
[Round "?"]
[White "Podoba, Milan"]
[Black "Hefka, Vladimir"]
[Result "1-0"]
[WhiteElo "2035"]
[BlackElo "2020"]

1.e4 c5 2.Nf3 d6 3.d4 cxd4 4.Nxd4 Nf6 5.Nc3 a6 6.Be3 e6 7.Qd2 Be7 8.f3 Qc7
9.g4 Nc6 10.g5 Nd7 11.O-O-O Nce5 12.f4 Nc4 13.Bxc4 Qxc4 14.Kb1 b6 15.Rhe1 Bb7
16.Nb3 O-O-O 17.Qf2 Qc7 18.Bd4 Rhg8 19.Qh4 h6 20.Qh5 f6 21.gxh6 Nc5 22.Qh3 Kb8
23.Bxc5 dxc5 24.Qxe6 Bc8 25.Rxd8 Rxd8 26.Qf7 Bd6 27.Qxc7+ Bxc7 28.hxg7 Bxf4
29.Nd5 Bh6 30.Ne7  1-0

[Event "SVK-chT 9798"]
[Site "SVK"]
[Date "1997.??.??"]
[Round "4"]
[White "Kalisky, Vladimir"]
[Black "Lisko, Frantisek"]
[Result "0-1"]
[WhiteElo "2245"]
[BlackElo "2315"]

1.e4 c5 2.Nf3 d6 3.d4 Nf6 4.Nc3 cxd4 5.Nxd4 a6 6.Be3 e5 7.Nb3 Be6 8.Qd2 Nbd7
9.f3 b5 10.g4 Nb6 11.g5 Nfd7 12.Na5 Qc7 13.O-O-O b4 14.Nd5 Nxd5 15.exd5 Qxa5
16.dxe6 fxe6 17.Kb1 d5 18.Bh3 d4 19.Bxe6 Nc5 20.Bd5 O-O-O 21.Bc4 dxe3 22.Qxe3 Bd6
23.Rd5 Qb6 24.Rhd1 Kc7 25.Qg1 Rhf8 26.Qg2 Rf4 27.Bd3 Na4 28.Ka1 Qe3 29.Bxa6 Nxb2
30.Kxb2 Qa3+ 31.Kb1 Qxa6 32.Qh3 Ra8 33.Rxd6 Qxa2+ 34.Kc1 Qa3+ 35.Kd2 Kxd6
36.Ke2+ Rd4 37.Re1 Qc3 38.Kf2 Qxc2+ 39.Kg1 Ra2 40.Qg3 Qc5 41.Kh1 Rdd2  0-1

[Event "SWZ-chT9697"]
[Site "SWZ"]
[Date "1997.??.??"]
[Round "?"]
[White "Atlas, Valeri"]
[Black "Bucher, Denis"]
[Result "1-0"]
[WhiteElo "2460"]
[BlackElo "2080"]

1.e4 c5 2.Nf3 d6 3.d4 cxd4 4.Nxd4 Nf6 5.Nc3 a6 6.Be3 Ng4 7.Bc1 Nf6 8.a4 g6
9.g3 Bg7 10.Bg2 O-O 11.Nde2 Nc6 12.O-O Be6 13.Nd5 Ng4 14.h3 Nge5 15.Kh2 b5
16.axb5 axb5 17.Rxa8 Qxa8 18.f4 Nc4 19.b3 N4a5 20.Nc7 Qb8 21.Nxe6 fxe6 22.f5 e5
23.fxg6 hxg6 24.Qd5+ Kh7 25.Rxf8 Bxf8 26.h4 Bg7 27.Bh3 Nd8 28.h5 gxh5 29.Ng1 Nac6
30.Bf5+ Kh8 31.Qd1 Nf7 32.Qxh5+ Kg8 33.Nf3 Qe8 34.Nh4  1-0

[Event "SWZ-chT9697"]
[Site "SWZ"]
[Date "1997.??.??"]
[Round "?"]
[White "Maier, Christian"]
[Black "Bucher, Denis"]
[Result "0-1"]
[WhiteElo "2360"]
[BlackElo "2080"]

1.e4 c5 2.Nf3 d6 3.d4 cxd4 4.Nxd4 Nf6 5.Nc3 a6 6.Be3 e5 7.Nb3 Be6 8.Be2 Be7
9.O-O O-O 10.f4 exf4 11.Rxf4 Nc6 12.Nd4 Nxd4 13.Qxd4 Rc8 14.Rd1 Qa5 15.a3 Nd7
16.Rf2 Bh4 17.g3 Bf6 18.Qxd6 Bxc3 19.bxc3 Qxc3 20.Bd4 Qxc2 21.Bf3 Qc7 22.e5 b5
23.Qxa6 Nxe5 24.Be4 Bc4 25.Rf5 Rcd8 26.Kg2 Bd5 27.Bxd5 Qc2+ 28.Bf2 Qxd1 29.Be4 Rd2
30.Rxe5 Rxf2+ 31.Kxf2 Qd4+ 32.Kf3 Qxe5  0-1

[Event "SWZ-chT9697"]
[Site "SWZ"]
[Date "1997.??.??"]
[Round "?"]
[White "Sokolov, Andrei"]
[Black "Bucher, Denis"]
[Result "1-0"]
[WhiteElo "2580"]
[BlackElo "2080"]

1.e4 c5 2.Nf3 d6 3.d4 cxd4 4.Nxd4 Nf6 5.Nc3 a6 6.Be3 e5 7.Nb3 Be6 8.Be2 Be7
9.O-O O-O 10.f4 exf4 11.Rxf4 Nc6 12.Nd5 Bxd5 13.exd5 Ne5 14.a4 Nfd7 15.Rb4 b6
16.Nd4 Bg5 17.Bf2 Qc7 18.Nc6 Rfe8 19.a5 b5 20.c4 bxc4 21.Bxc4 Nc5 22.Be2 Nxc6
23.dxc6 Ne4 24.Bb6 Qxc6 25.Rc4 Qd7 26.Rxe4 Rxe4 27.Bf3 Qe6 28.Bxe4 Qxe4 29.Qxd6 Bf4
30.Qd4 Qf5 31.Re1 Rc8 32.Qe4 Qxe4 33.Rxe4 Bc1 34.b4 f5 35.Re6 Bd2 36.Bc5 Rb8
37.Rb6 Rxb6 38.axb6 Bf4 39.g3 Bb8 40.Be3  1-0

[Event "SWZ-chT9697"]
[Site "SWZ"]
[Date "1997.??.??"]
[Round "?"]
[White "Sokolov, Andrei"]
[Black "King, Daniel J"]
[Result "1-0"]
[WhiteElo "2580"]
[BlackElo "2535"]

1.e4 c5 2.Nf3 d6 3.d4 cxd4 4.Nxd4 Nf6 5.Nc3 a6 6.Be3 e5 7.Nb3 Be7 8.f3 Be6
9.Qd2 Nbd7 10.g4 Rc8 11.O-O-O b5 12.g5 Nh5 13.Nd5 Bxd5 14.exd5 Nb6 15.Na5 Nxd5
16.Qxd5 Qxa5 17.Kb1 O-O 18.c4 Rb8 19.Bd3 g6 20.h4 Qb4 21.Bd2 Qc5 22.Qxc5 dxc5
23.Rhe1 f6 24.f4 Rbd8 25.Ba5 Rd4 26.fxe5 fxg5 27.cxb5 Nf4 28.Bf1 axb5 29.hxg5 b4
30.Rxd4 cxd4 31.Bc4+ Kg7 32.e6 Rc8 33.b3 d3 34.Rf1 d2 35.Rd1 Bxg5 36.Rxd2 Nxe6
37.Rd7+ Kf6 38.Bxb4 Nf4 39.Rxh7 Kf5 40.a4 Bf6 41.Rf7 g5 42.Bc3 Nh5 43.a5 g4
44.a6 g3 45.Bxf6 Nxf6 46.Bd5 Ke5 47.Bg2 Nd5 48.a7 Nb6 49.Bb7  1-0

[Event "Tallinn-J"]
[Site "Tallinn"]
[Date "1997.??.??"]
[Round "7"]
[White "Lehtinen, Heikki"]
[Black "Shishkov, Andrei"]
[Result "0-1"]
[WhiteElo "2205"]
[BlackElo "2175"]

1.e4 c5 2.Nc3 a6 3.Nge2 d6 4.d4 cxd4 5.Nxd4 Nf6 6.Be3 e6 7.g4 e5 8.Nf5 g6
9.g5 gxf5 10.exf5 d5 11.gxf6 d4 12.Bc4 Qxf6 13.Nd5 Qc6 14.Bxd4 Bb4+ 15.c3 Qxc4
16.Be3 Ba5 17.Nf6+ Ke7 18.Nd5+ Ke8 19.Nf6+ Ke7 20.Bg5 Qc6 21.Qe2 Bxc3+ 22.bxc3 Qxc3+
23.Kf1 Qh3+ 24.Kg1 Nc6 25.Qd2 Qxf5 26.Nd5+ Kf8 27.Bh6+ Ke8 28.Nc7+ Ke7 29.Nd5+ Ke8
30.Nc7+ Ke7 31.Qg5+ Kd6 32.Nxa8 Nd4 33.Rd1 Qg4+ 34.Qxg4 Bxg4 35.Rxd4+ exd4
36.Bf4+ Kd5 37.Nb6+ Ke4 38.Bd2 Bh3 39.f4 Kf3 40.Be1 Ke2 41.Bg3 d3 42.Nc4 Rc8  0-1

[Event "EU-ch U18"]
[Site "Tallinn"]
[Date "1997.??.??"]
[Round "8"]
[White "Nurkiewicz, Maciej"]
[Black "Matikozian, Andranik"]
[Result "0-1"]
[WhiteElo "2355"]
[BlackElo "2290"]

1.e4 c5 2.Nf3 d6 3.d4 cxd4 4.Nxd4 Nf6 5.Nc3 a6 6.Be3 e5 7.Nb3 Be6 8.f3 Nbd7
9.g4 h6 10.Qd2 b5 11.O-O-O Qc7 12.Kb1 Nb6 13.Bxb6 Qxb6 14.h4 Be7 15.Nd5 Bxd5
16.exd5 a5 17.Qd3 Rb8 18.Nd2 Qc5 19.Ne4 Nxe4 20.Qxe4 a4 21.f4 exf4 22.Rh3 b4
23.Re1 Rb7 24.Rf3 g5 25.Qf5 a3 26.Re4 Rc7 27.Rc4 Qb6 28.Re4 Qc5 29.Bd3 Kd8
30.Rf1 axb2 31.Rc4 Qb6 32.Rxc7 Qxc7 33.Re1 Qc3 34.Re4 Qd2 35.Kxb2 Qc3+ 36.Kc1 Bf6
37.Bb5 Qa1+ 38.Kd2 Bc3+  0-1

[Event "Nordic Grand Prix"]
[Site "Torshavn"]
[Date "1997.??.??"]
[Round "1"]
[White "Bjerring, Kai"]
[Black "Conquest, Stuart"]
[Result "0-1"]
[WhiteElo "2315"]
[BlackElo "2540"]

1.e4 c5 2.Nf3 d6 3.d4 Nf6 4.Nc3 cxd4 5.Nxd4 a6 6.Be3 Nbd7 7.g4 d5 8.exd5 Nb6
9.g5 Nfxd5 10.Nxd5 Nxd5 11.Nb3 e5 12.Bc4 Be6 13.Bxd5 Bxd5 14.Rg1 Be7 15.Qd3 O-O
16.O-O-O Bf3 17.Qxd8 Rfxd8 18.Rxd8+ Rxd8 19.Nd2 Bd5 20.a3 Kf8 21.c3 Ke8 22.Kc2 Kd7
23.c4 Be6 24.f3 Kc6 25.Kc3 f6 26.gxf6 gxf6 27.b4 b5 28.cxb5+ axb5 29.Rc1 f5
30.Nb3 f4 31.Kb2+ Kd7 32.Nc5+ Bxc5 33.Bxc5 Bd5 34.Rf1 Ke6 35.Rf2 Bc6 36.Kc2 Ra8
37.Kb3 Kf5 38.Kb2 h5 39.h4 Rg8 40.Bd6 Ke6 41.Bc7 Rg7 42.Bb8 Rb7 43.Rc2 Bxf3
44.Rc8 Bg4 45.Re8+ Kf7 46.Rh8 Rxb8  0-1

[Event "ROM-chT"]
[Site "Tusnad"]
[Date "1997.??.??"]
[Round "?"]
[White "Gaponenko, Inna"]
[Black "Litinskaya, Marta I"]
[Result "1-0"]
[WhiteElo "2360"]
[BlackElo "2335"]

1.e4 c5 2.Nf3 d6 3.d4 Nf6 4.Nc3 cxd4 5.Nxd4 a6 6.Be3 e5 7.Nb3 Be7 8.f3 Be6
9.Qd2 O-O 10.O-O-O Nbd7 11.g4 Nb6 12.h4 Nc4 13.Bxc4 Bxc4 14.h5 b5 15.g5 Nd7
16.Rdg1 a5 17.g6 fxg6 18.hxg6 hxg6 19.Rxg6 Rf6 20.Rg3 Bf8 21.Qh2 Kf7 22.Nd2 b4
23.Nd5 Bxd5 24.exd5 Nb6 25.Bg5 Nxd5 26.Ne4 a4 27.Qh5+ Ke7 28.Bxf6+ Nxf6 29.Nxf6 gxf6
30.Qh7+ Ke8 31.Rg7  1-0

[Event "Ubeda op"]
[Site "Ubeda"]
[Date "1997.??.??"]
[Round "1"]
[White "Korneev, Oleg"]
[Black "Rodriguez Lopez, Rafael"]
[Result "1-0"]
[WhiteElo "2590"]
[BlackElo "2365"]

1.e4 c5 2.Nf3 d6 3.d4 cxd4 4.Nxd4 Nf6 5.Nc3 a6 6.Be3 e6 7.f3 b5 8.Qd2 Nbd7
9.O-O-O Bb7 10.g4 Nb6 11.Qf2 Nfd7 12.Bd3 b4 13.Nce2 d5 14.e5 Nc4 15.f4 Nxe3
16.Qxe3 Bc5 17.f5 Qb6 18.Qg5 g6 19.fxe6 fxe6 20.Rhf1 Be7 21.Bxg6+ hxg6 22.Qxg6+ Kd8
23.Nf4 Nf8 24.Nfxe6+ Nxe6 25.Nxe6+ Kc8 26.Rf7 Bd8 27.Qf5 Kb8 28.Nd4 Rxh2
29.e6 Ka7 30.e7 Bc7 31.Rf6 Qa5 32.Qd7 Rb8 33.Nc6+ Bxc6 34.Rxc6 Rb7 35.e8=Q Qxa2
36.Qe3+ Ka8 37.Qc8+ Bb8 38.Qxb7+ Kxb7 39.Rb6+ Ka8 40.Rxb8+ Kxb8 41.Qe5+  1-0

[Event "Ubeda op"]
[Site "Ubeda"]
[Date "1997.??.??"]
[Round "6"]
[White "Konguveel, Ponnuswamy"]
[Black "Rodriguez, Amador"]
[Result "0-1"]
[WhiteElo "2425"]
[BlackElo "2555"]

1.e4 c5 2.Nf3 d6 3.d4 cxd4 4.Nxd4 Nf6 5.Nc3 a6 6.Be3 Ng4 7.Bg5 h6 8.Bh4 g5
9.Bg3 Bg7 10.Be2 h5 11.h4 Nc6 12.Nb3 gxh4 13.Bxh4 Be6 14.Qd2 Qb6 15.Nd5 Bxd5
16.exd5 Nce5 17.Qa5 Qxa5+ 18.Nxa5 Ng6 19.O-O-O Nxh4 20.Rxh4 Bf6 21.Rxg4 hxg4
22.Bxg4 Rh4 23.f3 Rb8 24.c4 Kd8 25.c5 dxc5 26.d6 e6 27.Kc2 Kd7 28.Nc4 b5
29.Nd2 Bd4 30.b4 f5 31.Bh3 cxb4 32.Ne4 Rc8+  0-1

[Event "Voronezh simul"]
[Site "Voronezh"]
[Date "1997.??.??"]
[Round "?"]
[White "Karpov, Anatoly"]
[Black "Kartavcev, Andrej"]
[Result "1-0"]
[WhiteElo "2760"]
[BlackElo "2110"]

1.e4 c5 2.Nf3 d6 3.d4 cxd4 4.Nxd4 Nf6 5.Nc3 a6 6.Be3 e6 7.f3 Be7 8.Qd2 Bd7
9.g4 O-O 10.g5 Ne8 11.h4 g6 12.f4 Nc6 13.O-O-O b5 14.h5 b4 15.Nce2 Qa5 16.Kb1 Ng7
17.Ng3 b3 18.Nxb3 Qxd2 19.Rxd2 Nxh5 20.Nxh5 gxh5 21.Rxh5 Kg7 22.Bd3 e5 23.f5 f6
24.gxf6+ Rxf6 25.Rg2+ Kh8 26.Bc4 h6 27.Bxh6  1-0

[Event "Zagorovsky mem op"]
[Site "Voronezh"]
[Date "1997.??.??"]
[Round "?"]
[White "Chuprikov, Dmitry"]
[Black "Vasilchenko, Oleg"]
[Result "1-0"]
[WhiteElo "2345"]
[BlackElo "2420"]

1.e4 c5 2.Nf3 d6 3.d4 cxd4 4.Nxd4 Nf6 5.Nc3 a6 6.Be3 Ng4 7.Bg5 h6 8.Bh4 g5
9.Bg3 Bg7 10.Qd2 Nc6 11.Nb3 Be6 12.O-O-O Nge5 13.Nd5 b5 14.c3 Nc4 15.Qe1 Rc8
16.Kb1 Nb6 17.h4 Ne5 18.Nd4 Na4 19.Nf5 Bxf5 20.exf5 e6 21.fxe6 fxe6 22.f4 gxf4
23.Nxf4  1-0

[Event "RLPF-chA"]
[Site "Wittlich"]
[Date "1997.??.??"]
[Round "?"]
[White "Schumacher, Olaf"]
[Black "Puth, Dieter"]
[Result "1/2-1/2"]
[WhiteElo "2315"]
[BlackElo "2300"]

1.e4 c5 2.Nf3 d6 3.d4 cxd4 4.Nxd4 Nf6 5.Nc3 a6 6.Be3 Ng4 7.Bg5 h6 8.Bh4 g5
9.Bg3 Bg7 10.Qd2 h5 11.h4 gxh4 12.Bxh4 Nc6 13.Nb3 Be6 14.f3 Nge5 15.Bf2 Bc4
16.Nd5 Bxf1 17.Kxf1 Nc4 18.Qe2 b5 19.c3 e6 20.Ne3 Nb6 21.Rd1 Qc7 22.Bg3 O-O-O
23.c4 h4 24.Bh2 h3 25.c5 hxg2+ 26.Qxg2 Nc4 27.Nxc4 bxc4 28.cxd6 Qb6 29.Qxg7 cxb3
30.d7+ Kb7 31.a4 e5 32.Qg1 Qb4 33.Qe3 Nd4 34.Kg2 f6 35.Bg3 Rxh1 36.Rxh1  1/2-1/2

[Event "Pamplona 9798"]
[Site "Pamplona"]
[Date "1998.01.03"]
[Round "7"]
[White "Magem Badals, Jorge"]
[Black "Lutz, Christopher"]
[Result "1/2-1/2"]
[WhiteElo "2550"]
[BlackElo "2590"]

1.e4 c5 2.Nf3 d6 3.d4 cxd4 4.Nxd4 Nf6 5.Nc3 a6 6.Be3 e5 7.Nb3 Be6 8.f3 Nbd7
9.Qd2 Be7 10.g4 h6 11.O-O-O b5 12.Kb1 Nb6 13.Qf2 Rb8 14.Nc5 b4 15.Ne2 Nc4
16.Nxe6 fxe6 17.Ng3 Qc7 18.h4 a5 19.Bxc4 Qxc4 20.g5 hxg5 21.hxg5 Rxh1 22.Rxh1 Nd7
23.b3 Qa6 24.f4 a4 25.f5 axb3 26.cxb3 Qd3+ 27.Kb2 Qc3+ 28.Kb1 Qd3+ 29.Kb2 Qc3+  1/2-1/2

[Event "Szeged TT01 IM"]
[Site "Szeged"]
[Date "1998.01.16"]
[Round "2"]
[White "Czebe, Attila"]
[Black "Farkas, Tibor"]
[Result "1-0"]
[WhiteElo "2475"]
[BlackElo "2340"]

1.e4 c5 2.Nf3 d6 3.d4 cxd4 4.Nxd4 Nf6 5.Nc3 a6 6.Be3 e5 7.Nb3 Be6 8.f4 exf4
9.Bxf4 Nc6 10.Qd2 d5 11.exd5 Nxd5 12.Nxd5 Qxd5 13.Qxd5 Bxd5 14.O-O-O Be6
15.Be2 Be7 16.Bf3 O-O 17.Bd6 Bxb3 18.axb3 Bxd6 19.Rxd6 Rad8 20.Rxd8 Rxd8
21.Bxc6 bxc6 22.c4 Rd3 23.Kc2 Re3 24.Ra1 Re2+ 25.Kc3 Rxg2 26.Rxa6 f5 27.b4 f4
28.b5 cxb5 29.cxb5 f3 30.b6 f2 31.b7 f1=Q 32.b8=Q+ Qf8 33.Qb7 Re2 34.Qd5+ Kh8
35.Ra8 Re8 36.Rxe8 Qxe8 37.b4 h6 38.b5 Qe3+ 39.Kb4 Qf4+ 40.Ka5 Qxh2 41.b6 Qb8
42.b7 g5 43.Kb6 Kg7 44.Qd7+  1-0

[Event "Ubeda op"]
[Site "Ubeda"]
[Date "1998.01.27"]
[Round "8"]
[White "De la Villa Garcia, Jesus Maria"]
[Black "Wang Pin"]
[Result "1-0"]
[WhiteElo "2485"]
[BlackElo "2360"]

1.e4 c5 2.Nf3 d6 3.d4 cxd4 4.Nxd4 Nf6 5.Nc3 a6 6.Be3 e6 7.Qd2 Be7 8.f3 Nc6
9.O-O-O O-O 10.g4 Nd7 11.h4 Nde5 12.Qf2 Bd7 13.g5 Rb8 14.Rg1 b5 15.f4 Nxd4
16.Bxd4 Nc6 17.Be3 Qa5 18.Kb1 Rfc8 19.h5 Nb4 20.Bd4 Nxc2 21.Qxc2 b4 22.g6 fxg6
23.hxg6 h6 24.Rg3 bxc3 25.Rxc3 Qh5 26.Bxa6 Rxc3 27.Bxc3 Qxg6 28.Bd3 Qf7 29.Qg2 Bb5
30.Bc2 Rc8 31.Rg1 Bf8 32.Qh3 Bc4 33.Qxh6 Bxa2+ 34.Kc1 e5 35.f5 Qa7 36.Qg5 d5
37.exd5 Bc5 38.Rg3 Bf2 39.Rh3 Bxd5 40.f6 Qa1+ 41.Bb1 Qa7 42.Bh7+ Kf8 43.fxg7+ Qxg7
44.Qf5+ Ke7 45.Qxc8 Qg1+ 46.Kc2 Qg2 47.Qc7+ Kf8 48.Qd8+ Kf7 49.Bg8+  1-0